000 00525nam a2200217Ia 4500
003 OSt
005 20221007083301.0
006 a|||||r|||| 00| 0
007 ta
008 221006b |||||||| |||| 00| 0 eng d
024 _a38,441
037 _cTheseses
040 _aFLL
_cFLL
_beng
041 _2eng
_aeng
100 _aGovindaraj V.C.
_9472966
245 0 _aLegal status of land-locked states
260 _c1985
300 _avii,316p
_ccm.
942 _cDIS
_2CC
999 _c1169498
_d1169498